Prvé rastlinolekárske dni Slovenskej rastlinolekárskej spoločnosti = The first conference of the Slovak Plant-Medicine Society ; zborník referátov, Nitra, Slovensko, 25. - 26. január 2005 /
Gespeichert in:
| Körperschaften: | , |
|---|---|
| Weitere Verfasser: | , |
| Format: | Tagungsbericht Buch |
| Sprache: | Slowakisch Englisch Deutsch |
| Veröffentlicht: |
Nitra :
Slovenská poľnohospodárska univerzita v Nitre,
2005
|
| Schlagworte: | |
| ISBN: | 80280694648 |
| Online-Zugang: |
|
| Tags: |
Tag hinzufügen
Keine Tags, Fügen Sie den ersten Tag hinzu!
|
MARC
| LEADER | 00000nam a2200000 4500 | ||
|---|---|---|---|
| 003 | SK-BrCVT | ||
| 005 | 20220621175254.0 | ||
| 006 | adb e 100 0 | ||
| 007 | ta | ||
| 008 | 130529s2005####xo db e 100 0slo#d | ||
| 020 | |a 80280694648 | ||
| 035 | |a CVTIDW0040671 | ||
| 040 | |a CVTISR |b slo |c CVTISR |e AACR2 | ||
| 041 | 0 | |a slo |a eng |a ger | |
| 044 | |a xo |c SK | ||
| 080 | |a 632.9 |2 2008 | ||
| 110 | 2 | |a Slovenská rastlinolekárska spoločnosť (Bratislava, Slovensko) |4 org | |
| 245 | 1 | 5 | |a Prvé rastlinolekárske dni Slovenskej rastlinolekárskej spoločnosti = |b The first conference of the Slovak Plant-Medicine Society ; zborník referátov, Nitra, Slovensko, 25. - 26. január 2005 / |c Slovenská rastlinolekárska spoločnosť ; zostavili: Tibor Roháčik, Kamil Hudec |
| 246 | 1 | 1 | |a First conference of the Slovak Plant-Medicine Society |
| 260 | |a Nitra : |b Slovenská poľnohospodárska univerzita v Nitre, |c 2005 | ||
| 300 | |a 184 s. : |b grafy, lit., mapy, tab. ; |c 30 cm | ||
| 650 | 0 | 7 | |a ochrana rastlín proti chorobám a škodcom |2 SNKPH |
| 650 | 0 | 7 | |a control of plant diseases and pests |2 SNKPHeng |
| 653 | 1 | |a biologická ochrana rastlín | |
| 655 | 7 | |a zborníky |2 SNKPH | |
| 700 | 1 | |a Roháčik, Tibor |4 com | |
| 700 | 1 | |a Hudec, Kamil |d 1973- |4 com | |
| 711 | 2 | |a Rastlinolekárske dni Slovenskej rastlinolekárskej spoločnosti prvé |d (25. - 26. január 2005 : |c Nitra, Slovensko) | |
| 852 | |a CVTISR |b 1 | ||
| 910 | |b V000262 | ||
| 919 | |a 80-8069-464-8 | ||
| 959 | |a 41 | ||
| 974 | |a maria.Geracsekova |f Knihy | ||
| 992 | |a AZN | ||
| 999 | |c 232100 |d 232100 | ||